Mosbys Nursing Drug Reference (Record no. 142329)

MARC details
000 -LEADER
fixed length control field 00395nam a2200169Ia 4500
005 - DATE AND TIME OF LATEST TRANSACTION
control field 20251217150324.0
008 - FIXED-LENGTH DATA ELEMENTS--GENERAL INFORMATION
fixed length control field 230314s9999 xx 000 0 und d
020 ## - INTERNATIONAL STANDARD BOOK NUMBER
International Standard Book Number 978-81-312-5812-6
041 ## - LANGUAGE CODE
Language code of text/sound track or separate title eng
082 ## - DEWEY DECIMAL CLASSIFICATION NUMBER
Classification number 610.73/SKI/B09341
100 ## - MAIN ENTRY--PERSONAL NAME
Author Skidmore Linda
245 ## - TITLE STATEMENT
Title Mosbys Nursing Drug Reference
260 ## - PUBLICATION, DISTRIBUTION, ETC.
Name of publisher, distributor, etc. Mosby
300 ## - PHYSICAL DESCRIPTION
Extent 1447p
942 ## - ADDED ENTRY ELEMENTS (KOHA)
Koha item type Books
906 ## - LOCAL DATA ELEMENT F, LDF (RLIN)
b GNM
Holdings
Withdrawn status Lost status Source of classification or shelving scheme Damaged status Not for loan Home library Current library Date acquired Vendor Net Price Total Checkouts Total Renewals Full call number Barcode Date last seen Date last checked out Actual Price Bill Date Koha item type Original Barcode
    Dewey Decimal Classification     Smt. Bakul Tambat Institute of Nursing Education Smt. Bakul Tambat Institute of Nursing Education 14/03/2020 Patil Medical Book House 1695.00 37 13 PH 615.1 SKI B09341 BTIN-BK-9341 26/12/2025 19/12/2025 1186.50 14/03/2023 Books B09341